000 00890cam a22003011 4500
999 _c174351
_d174351
001 8849656
003 Nust
005 20180720101817.0
008 741205s1953 nyu 000 1 eng
010 _a 53010256
020 _a0007120974
_cRs. 200
020 _a978000712974
035 _a(OCoLC)1100034
038 _aArshad
040 _aDLC
_cNBuU
_dOCoLC
_dWaS
_dDLC
050 0 0 _aPZ3.C4637
_bPm
_aPR6005.H66
082 0 0 _a823.912
_bCHR
100 1 _aChristie, Agatha,
_d1890-1976.
_92976
245 1 2 _aA pocket full of rye.
_cby Christie, Agatha
260 _aNew York,
_bDodd, Mead
_c1953
300 _a316 p.
_c22 cm.
490 0 _aRed badge detective
650 0 _aMarple, Jane (Fictitious character)
_xFiction.
_911899
655 7 _aDetective and mystery stories.
_2gsafd
_92977
906 _a7
_bcbc
_coclcrpl
_du
_encip
_f19
_gy-gencatlg
942 _2ddc
_cBK